000 00529nam a2200193Ia 4500
005 20250508151425.0
008 008 250505s9999 xx 000 0 eng d
037 _aTextual
040 _aFEDL
_beng
_cFEDL
041 _aeng
_2eng
084 _a372, KEN
_qFEDL
100 _aKendon Gladys
_9758854
245 0 _aChildren of the new estate
260 _aLondon, UK
_bMethuen and Co. Ltd.
_c1954
300 _axi,148p.
650 _aElementary Education
942 _cTEXL
_h372, KEN
999 _c1329695
_d1329695